MDQL
is popping MORE tags! Check the
thread
!
Quizzes
Events
Quiz Creation
Community
Videos
Private Events
Remove Ads
Sign In
Join for FREE
Feedback
Dark Mode
Quiz Categories
Sports
Geography
Music
Movies
Television
Just For Fun
Miscellaneous
History
Literature
Language
Science
Gaming
Entertainment
Religion
Holiday
For Kids
Quiz Lab
Recent
Popular Today
Quiz Kudos Today
Editor Picks
Curator Picks
Quizzes by...
Day
Popularity
Type
Ratings
Length
Year
Community
Subscriptions
Recent Discussions
Orange Saloon
Badges
Playlists
Quests
Create
Leaderboards
Showdown
Live 5
Trivia Bingo
Activity
Puzzle Library
Sporcle Events
Private Events
Virtual Trivia
Globe League
Become a Host
Pub Owners
SporcleCon
Opinionation
Our Games
Videos
Blog
Mobile Apps
Partnerships
Remove Ads and Go Orange
Feedback
Television
TV Characters
TV Show
Sitcom
Network
Friends
Reality Shows
Cast
South Park
Star Trek
The Simpsons
Doctor Who
Television
TV Characters
TV Show
Sitcom
Network
Friends
Reality Shows
Cast
South Park
Star Trek
The Simpsons
Doctor Who
Random Quiz
Search Sporcle
×
Quiz Lab
Quiz Lab
Television
Song
Type in answers that appear in a list
Type in answers that appear in a list
Classic
Best Score? Go Orange.
Galavant Finally Lyrics Stats
Can you name the lyrics to the Galavant song Finally?
By
rainbow10
7m
159 Questions
205 Plays
205 Plays
205 Plays
Comments
Comments
Give Quiz Kudos
Give Quiz Kudos
-
- Ratings
hide this ad
More Info
Replay
Link that replays current quiz
Next Quiz
Link to next quiz in quiz playlist
You Got
0%
They Got
Avg Score
78%
Avg Friend Score
Upgrade to see
Score Distribution
Jump to the score distribution portion of the page
Score
0/159
Timer
07:00
1
Play Today
Answer
% Correct
I
95.6%
I
95.6%
I
95.6%
I
95.6%
I
95.6%
I
95.6%
I
95.6%
I
95.6%
I
95.6%
to
93.7%
the
93.7%
to
93.7%
to
93.7%
the
93.7%
a
93.2%
to
93.2%
the
93.2%
to
93.2%
We
92.7%
finally,
92.7%
Finally,
92.7%
Finally,
92.7%
we
92.7%
Finally,
92.7%
we
92.7%
Finally,
92.7%
Finally,
92.7%
Finally,
92.7%
Finally,
92.7%
Finally!
92.7%
He
92.2%
he
92.2%
you
90.2%
you
90.2%
you
90.2%
It
88.3%
of
87.8%
of
87.8%
it.
87.8%
her
87.8%
her
87.8%
of
87.8%
her
87.8%
her?
87.8%
She
87.3%
Do
87.3%
It
87.3%
she
87.3%
on
85.9%
love
85.9%
Things
85.4%
things
85.4%
things
85.4%
Answer
% Correct
tell
85.4%
tell
85.4%
me
84.9%
know
84.9%
me
84.9%
and
83.4%
Should
83.4%
Should
83.4%
Can
82.9%
not
82.9%
not
82.9%
Think
82.4%
think
82.4%
went
82%
was
82%
happen.
82%
was
82%
just
82%
did.
82%
kind
81.5%
kind
81.5%
want
81.5%
were
81.5%
began
81%
began
81%
rest?
81%
got
80%
lake
79%
Uh-huh,
79%
Uh-huh,
79%
Uh-huh,
79%
Uh-huh,
79%
Uh-huh,
79%
Uh-huh,
79%
Uh-huh,
79%
Uh-huh,
79%
Uh-huh,
79%
Uh-huh,
79%
Uhhhhh
79%
involving
78.5%
more?
78.5%
took
78.5%
tree
78%
tongue.
78%
how
78%
behind
77.6%
my
77.6%
only
77.6%
my
77.6%
But
77.1%
but
77.1%
three
76.6%
Then
76.1%
Answer
% Correct
Then
76.1%
getting
76.1%
his
76.1%
bottles
76.1%
wine.
76.1%
night
75.1%
mine.
74.6%
feel?
74.6%
still
74.1%
Still,
74.1%
Oops.
74.1%
words,
72.7%
shake
72.2%
had
72.2%
knows
72.2%
young.
71.7%
You're
71.7%
ugly
71.2%
going
71.2%
Off
71.2%
believe
70.7%
probably
69.8%
guessed.
69.8%
pretty
69.3%
up,
69.3%
keep
69.3%
snuggly
68.8%
hid?
67.8%
led
67.3%
feet.
67.3%
thoughts
67.3%
given
65.4%
Swept
65.4%
jiggy.
64.9%
kept
64.4%
trying.
64.4%
when
64.4%
basically.
62.4%
crying
62.4%
sweet.
60%
finished
59.5%
made
58%
Dropped
57.1%
move,
56.1%
sad
54.6%
our
50.7%
Super
49.3%
hot!
48.3%
groove
46.8%
found
44.9%
he'd
42.4%
Well,
41.5%
Soon
36.6%
Quiz Playlist
Details
Report
Send in Message
Add To Playlist
More Info:
Complete with zombies and everything!
Classic:
Type in answers that appear in a list
Last Updated: Feb 16, 2017
Quiz Scoreboard
CHALLENGE
Sign Up to Join the Scoreboard
Show All
Scores
Hide
Comments
May contain spoilers
Recently Published
1-10 Letter E Words III
by El_Dandy
Language
2m
Street Fighter Characters
by Artimus82
Gaming
60s
College Basketball Coaching Resumes
by pancakes188
Sports
9m
More to Explore
Quiz From the Vault
Featured Blog Post
Where Did the Easter Bunny Come From?
hide this ad
You Might Also Like...
Tags
Song Quiz
Today's Top Quizzes in Television
Browse Television
hide this ad
Today's Top Quizzes in Song
Browse Song
Top Contributed Quizzes in Television
1
Survivor Journey Challenge
2
Adjectives in 80s TV Shows
3
Adjectives in 00s TV Shows
4
5-to-1: The Simpsons Families
5
5-to-1: Television Doctors
6
Adjectives in 10s TV Shows
7
7-to-1: TV Show Settings
8
Adjectives in 70s TV Shows
9
5-to-1: Streaming Originals
10
Survivor Seasons
Explore More
Trending Topics
Marvel
Disney
Kpop
Crossword
Anime
NBA
Harry Potter
Puzzle
Country
NFL
Song
Soccer
WWE
The Office
Pokémon
hide this ad
More By:
rainbow10
Quiz
Plays
Rating
Category
Featured
Created
Double Letter Geography
53,654
4.55
Geography
Feb 10, 2014
Ultimate Geography Quiz Part 1
5,846
3.50
Geography
Apr 6, 2013
Ultimate Geography Quiz Part 2
5,009
4.33
Geography
Apr 6, 2013
First Vowel 'A' Geography
4,228
4.44
Geography
Sep 9, 2015
Those Dam Sentences!
4,085
4.50
Literature
Mar 5, 2015
Go to Creator's Profile
Score Distribution
Quiz Creator Spotlight
rainbow10
Follow
Send a Message
Quizzes Created
-
Created Quiz Play Count
-
More By This Creator
Popular Quizzes Today
1
Find the US States - No Outlines Minefield
2
Find the Countries of Europe - No Outlines Minefield
3
The Countries of the World
4
Find the US States
5
Risky Map Clicking: Biggest States A-Z
6
US States
7
Popular People in 1961
8
Movies - When Are They Set?
More Television Quizzes
Follow That Line: Daemon Targaryen
Curator's Pick
Trending Quizzes
Risky Map Clicking: Least Populous States A-Z
1-10 Letter G Words
1-10 Letter F Words
Countries of the World: 200 Million BC
Risky Map Clicking: Next State Alphabetically
Recently Updated
Beyoncé Albums
pecheneg
Leaping Animals
pecheneg
Reality TV Shows (A-Z)
bhenderson79
Rickey Henderson's Hall of Fame Teammates
pecheneg
Champions League XIs: Arsenal
pecheneg
Quick Pick: Celebrities in WWE's Hall of Fame
aduchscher
A-Z Keypad Blitz II
pecheneg
Multiple Oscar Actors
pecheneg
Mystery Phrase Blitz: Oscar 'Best Actors'
pecheneg
F. Scott Fitzgerald Novels
LTH
Trending Topics
NBA
Anime
Crossword
Marvel
Harry Potter
Kpop
Disney
Pokémon
Song
The Office
Puzzle
WWE
Soccer
NFL
Country
Your Account Isn't Verified!
In order to create a playlist on Sporcle, you need to verify the email address you used during registration. Go to your
Sporcle Settings
to finish the process.
Report this User
Report this user for behavior that violates our
Community Guidelines
.
Details:
Send Report
Go to the Sporcle.com Mobile Site →
Comments